000 00694nam a22001817a 4500
003 OSt
005 20260415191837.0
008 240821b ||||| |||| 00| 0 eng d
040 _c0
082 _aDPer 510.5 Am351 June-August 2019 v. 141 n. 3-4
100 _aBreuil, Christophe.
_eauthor.
_958809
245 _aExt localement analytique et compatibilite' local-global /
_cChristophe Breuil.
260 _aBaltimore, Maryland U.S. ;
_bJohns Hopkins University Press ,
_cJune 2019.
300 _avolume 141, pages 611-704 ;
_c26 cm.
500 _aAmerican Journal of Mathematics, vol. 141, no. 3, pages 611-704, June 2019.
700 _aBreuil, Christophe.
_eauthor.
_958809
942 _2ddc
_cPER
999 _c20814
_d20814